Short Term Memory Test - Countries - Statistics

General Stats
  • This quiz has been taken 45,556 times
  • The average score is 9 of 15
Answer Stats
Country % Correct
United States
80%
F. S. Micronesia
75%
United Kingdom
75%
D.R. Congo
71%
St. Vincent and the Grenadines
71%
France
70%
St. Kitts and Nevis
69%
China
68%
Germany
68%
São Tomé and Príncipe
68%
Fiji
67%
Russia
67%
Republic of the Congo
66%
Antigua and Barbuda
65%
Bosnia and Herzegovina
65%
Oman
65%
Brazil
64%
United Arab Emirates
64%
Canada
63%
Italy
63%
Japan
63%
Nauru
63%
Palau
63%
Tuvalu
63%
Central African Republic
62%
India
62%
Mali
62%
Spain
62%
St. Lucia
62%
Togo
62%
Trinidad and Tobago
62%
Kiribati
61%
Poland
61%
Australia
60%
Azerbaijan
60%
Dominican Republic
60%
Eswatini
60%
Greece
60%
Haiti
60%
Iraq
60%
Israel
60%
Kyrgyzstan
60%
Malawi
60%
North Korea
60%
Papua New Guinea
60%
Peru
60%
South Korea
60%
Uzbekistan
60%
Vanuatu
60%
Vatican City
60%
Argentina
59%
Comoros
59%
Iran
59%
Laos
59%
Liechtenstein
59%
Norway
59%
Seychelles
59%
Solomon Islands
59%
Switzerland
59%
Turkmenistan
59%
Yemen
59%
Benin
58%
Burundi
58%
Chad
58%
Chile
58%
Croatia
58%
Kazakhstan
58%
Lesotho
58%
Mozambique
58%
Niger
58%
Samoa
58%
Tonga
58%
Vietnam
58%
Albania
57%
Bahrain
57%
Bhutan
57%
Djibouti
57%
Gabon
57%
Guinea-Bissau
57%
Suriname
57%
Sweden
57%
Tajikistan
57%
Turkey
57%
Afghanistan
56%
Angola
56%
Belize
56%
Cuba
56%
Denmark
56%
Finland
56%
Ghana
56%
Indonesia
56%
Kosovo
56%
Marshall Islands
56%
Mexico
56%
Netherlands
56%
Pakistan
56%
San Marino
56%
Ukraine
56%
Venezuela
56%
Algeria
55%
Armenia
55%
Botswana
55%
Brunei
55%
Colombia
55%
Eritrea
55%
Estonia
55%
Gambia
55%
Ireland
55%
Kenya
55%
Latvia
55%
Morocco
55%
North Macedonia
55%
Panama
55%
Portugal
55%
Qatar
55%
Rwanda
55%
Saudi Arabia
55%
Slovakia
55%
South Sudan
55%
Sudan
55%
Thailand
55%
Uganda
55%
Zimbabwe
55%
Andorra
54%
Austria
54%
Bolivia
54%
East Timor
54%
Egypt
54%
Iceland
54%
Jordan
54%
Malta
54%
Mauritius
54%
Monaco
54%
New Zealand
54%
Nicaragua
54%
Nigeria
54%
Philippines
54%
South Africa
54%
Syria
54%
Uruguay
54%
Zambia
54%
Bahamas
53%
Belarus
53%
Belgium
53%
Cameroon
53%
Czech Republic
53%
El Salvador
53%
Georgia
53%
Guatemala
53%
Libya
53%
Maldives
53%
Namibia
53%
Slovenia
53%
Somalia
53%
Barbados
52%
Bulgaria
52%
Burkina Faso
52%
Cambodia
52%
Ecuador
52%
Equatorial Guinea
52%
Guinea
52%
Guyana
52%
Honduras
52%
Jamaica
52%
Kuwait
52%
Lithuania
52%
Madagascar
52%
Mauritania
52%
Moldova
52%
Mongolia
52%
Nepal
52%
Paraguay
52%
Senegal
52%
Serbia
52%
Tanzania
52%
Bangladesh
51%
Hungary
51%
Liberia
51%
Luxembourg
51%
Montenegro
51%
Romania
51%
Singapore
51%
Taiwan
51%
Cape Verde
50%
Cyprus
50%
Grenada
50%
Ivory Coast
50%
Lebanon
50%
Malaysia
50%
Dominica
49%
Ethiopia
49%
Myanmar
49%
Sierra Leone
49%
Sri Lanka
49%
Tunisia
49%
Costa Rica
48%
No matching quizzes found
Score Distribution
Percent of People with Each Score
Percentile by Number Answered
Your Score History
You have not taken this quiz